| 000 -CABECERA |
| Campo de control de longitud fija |
01185nam a22002537a 4500 |
| 001 - NÚMERO DE CONTROL |
| Campo de control |
BH33307 |
| 003 - IDENTIFICADOR DEL NÚMERO DE CONTROL |
| Campo de control |
ES-SlBCS |
| 005 - FECHA Y HORA DE LA ÚLTIMA TRANSACCIÓN |
| Campo de control |
20260422084547.0 |
| 008 - CÓDIGOS DE INFORMACIÓN DE LONGITUD FIJA |
| Campo de control de longitud fija |
220426s1733 be 001 0 lat d |
| 040 ## - FUENTE DE LA CATALOGACIÓN |
| Centro catalogador del origen |
ES-SlBCS |
| Lengua de catalogación |
spa |
| 041 ## - CÓDIGO DE LENGUA |
| Código de lengua del texto/banda sonora o título independiente |
lat |
| 100 1# - PUNTO DE ACCESO PRINCIPAL-NOMBRE DE PERSONA |
| Nombre de persona |
Gonet (OP), Juan Bautista |
| Fechas asociadas al nombre |
1616-1681 |
| 9 (RLIN) |
1835 |
| 245 10 - MENCIÓN DE TÍTULO |
| Título |
Clypeus theologiae thomisticae |
| Mención de responsabilidad, etc. |
Authore R. P. Joanne Baptista Gonet, Biterrensi, Ordinis FF. Praedicatorum, Provinciae Tholosanae, Strictioris Observantiae, in Academia Burdigalensi Antecessore. |
| Resto del título |
Tomus secundus, continens Tractatus de Praedestinatione, de Trinitate, de Angelis & de Homine. |
| 250 ## - MENCIÓN DE EDICIÓN |
| Mención de edición |
Editio nonar, ab authore recognita, variisque Tractatibus aucta, novo etiam ordine, ac plurimis Sanctorum Patrum Sententiis illustrata. |
| 260 ## - PUBLICACIÓN, DISTRIBUCIÓN, ETC... (PIE DE IMPRENTA) |
| Lugar de publicación, distribución, etc. |
Antuerpiae : |
| Nombre del editor, distribuidor, etc. |
Sumptibus Fratrum de Tournes |
| Fecha de publicación, distribución, etc. |
, 1733. |
| 300 ## - DESCRIPCIÓN FÍSICA |
| Extensión |
[8], 471 p. ; |
| Dimensiones |
Fol. |
| Otras características físicas |
enc. pergamino |
| 500 ## - NOTA GENERAL |
| Nota general |
Portada con grabado xilográfico. |
| 500 ## - NOTA GENERAL |
| Nota general |
Texto a dos columnas |
| 561 ## - NOTA DE PROCEDENCIA |
| Procedencia |
Convento Caldas de Besaya |
| 600 04 - PUNTO DE ACCESO ADICIONAL DE MATERIA-NOMBRE DE PERSONA |
| Nombre personal |
Tomás de Aquino, |
| Títulos y otras palabras asociadas con el nombre |
Santo, |
| Fechas asociadas con el nombre |
1225-1274. |
| 9 (RLIN) |
464 |
| 650 #4 - PUNTO DE ACCESO ADICIONAL DE MATERIA-TÉRMINO DE MATERIA |
| Término de materia o nombre geográfico como elemento inicial |
Teología dogmática. |
| Subdivisión de forma |
Obras anteriores a 1800 |
| 9 (RLIN) |
14498 |
| 752 ## - PUNTO DE ACCESO ADICIONAL-NOMBRE JERÁRQUICO DE LUGAR |
| País o entidad superior |
Bélgica |
| Ciudad |
Amberes |
| 942 ## - ENTRADA DE ELEMENTOS AGREGADOS (KOHA) |
| Fuente de clasificaión o esquema |
|
| Koha [por defecto] tipo de item |
Libro Antiguo |